| 000 | 01329cab a2200229 4500 | ||
|---|---|---|---|
| 001 | ABS67326 | ||
| 008 | 040105n2003 000 0 eng u | ||
| 035 | _a(Sirsi) u124702 | ||
| 100 | _aWilliams, K. | ||
| 245 | _aFive barriers to sustainable brownfield development | ||
| 260 | _c2003 | ||
| 490 |
_aTown & Country Planning _v72(11) December 2003, 344-345(2) |
||
| 520 | _aReports on the findings of research undertaken by Oxford Brookes University which looks at the extent to which sustainability objectives have been incorporated into developments on brownfield sites. Focuses on five case studies of recently completed residential and mixed-use brownfield developments. The sites were chosen at random with the exception of the Beddington Zero Energy Development (BedZED) which was chosen for its sustainability credentials. The research investigated the involvement of different stakeholders in the development process. Concludes that very few sustainable objectives were achieved in the developments, with the exception of BedZED, and identifies five key reasons for this failure. | ||
| 590 | _aABS | ||
| 650 |
_aSustainability _96271 |
||
| 650 | _aBROWNFIELD SITES | ||
| 650 | _aRESIDENTIAL | ||
| 650 | _aMIXED-USE DEVELOPMENTS | ||
| 690 | _aPROPERTY-PROPERTY DEVELOPMENT | ||
| 700 | _aDair, C. | ||
| 942 | _n0 | ||
| 999 |
_c74007 _d74007 |
||